Self help groups / (Record no. 42589)

MARC details
000 -LEADER
fixed length control field 00704nam a22002057a 4500
005 - DATE AND TIME OF LATEST TRANSACTION
control field 20100819153035.0
010 ## - LCCN (DPL NO)
LC control number ENG-101001
020 ## - INTERNATIONAL STANDARD BOOK NUMBER
Terms of availability 80.00
035 ## - SYSTEM CONTROL NUMBER
System control number EN-84534
037 ## - SOURCE OF ACQUISITION
Source of stock number/acquisition DBAD/PUB
082 ## - DEWEY DECIMAL CLASSIFICATION NUMBER
Classification number 361.7
100 ## - MAIN ENTRY--PERSONAL NAME
Personal name Balasubramanian ,D
245 ## - TITLE STATEMENT
Title Self help groups /
Statement of responsibility, etc by D Balasubramanian
260 ## - PUBLICATION, DISTRIBUTION, ETC. (IMPRINT)
Place of publication, distribution, etc Koradachery
Name of publisher, distributor, etc Aruma Pathippagam
Date of publication, distribution, etc 2008
270 ## - ADDRESS
Address 35, Gandhi Colony
City Koradachery
Postal code 613703
300 ## - PHYSICAL DESCRIPTION
Extent iii,128p
Dimensions 19cm(pbk)
500 ## - GENERAL NOTE
General note includs bibliographical references
942 ## - ADDED ENTRY ELEMENTS (KOHA)
Source of classification or shelving scheme Dewey Decimal Classification
Item type English Books
Classification part 361.7
Call number suffix BAL
Holdings
Withdrawn status Lost status Not for loan Collection code Home library Current library Date acquired Source of acquisition Cost, normal purchase price Full call number Barcode Copy number Cost, replacement price Koha item type
    Not For Loan Non-fiction D.B.Act.Division D.B.Act.Division 19/08/2010 DBAD/PUB 80.00 361.7 BAL EN-84534 1 80.00 English Books

© Delhi Public Library
Hit Counter
free hit counter